| 000 | 00677nam a22002172 4500 | ||
|---|---|---|---|
| 001 | 0000024285 | ||
| 005 | 20151217155915.0 | ||
| 008 | 130624s xx 000 0 eng d | ||
| 020 | _a9966463685 : | ||
| 040 |
_aKABU _cKABU |
||
| 245 | 1 | 0 |
_aKeep my words : _b[Luo oral literature] / _cB. Onyango-Ogutu, A. A. Rosceo. |
| 250 | _a1st ed. | ||
| 260 |
_aNairobi : _bE. A. E. P., _c1974. |
||
| 300 | _a159 p. | ||
| 650 | 0 |
_aLuo (Kenya and Tanzania) _xFolklore. _@0000184279 |
|
| 650 | 0 |
_aTales _zKenya. _@0000178396 |
|
| 700 | 1 |
_aRoscoe, Andrian A. _@0000184280 |
|
| 852 | 1 | _9p405 KES | |
| 908 | _a130624 | ||
| 950 | _@1 | ||
| 999 |
_c13916 _d13916 |
||